Colombia : (Registro nro. 3408)
[ vista simple ]
| 000 -LEADER | |
|---|---|
| fixed length control field | 01360nam a2200289Ia 4500 |
| 003 - CONTROL NUMBER IDENTIFIER | |
| control field | OSt |
| 005 - DATE AND TIME OF LATEST TRANSACTION | |
| control field | 20200709144250.0 |
| 008 - FIXED-LENGTH DATA ELEMENTS--GENERAL INFORMATION | |
| fixed length control field | 191128s2016 ck ad gr 000 0dspa d |
| 020 ## - INTERNATIONAL STANDARD BOOK NUMBER | |
| International Standard Book Number | 9789584679284 |
| 040 ## - CATALOGING SOURCE | |
| Original cataloging agency | CO-JMCR |
| Transcribing agency | CO-JMCR |
| 041 0# - LANGUAGE CODE | |
| Language code of text/sound track or separate title | spa |
| 082 04 - DEWEY DECIMAL CLASSIFICATION NUMBER | |
| Classification number | 330.986 / |
| Item number | C718c |
| Edition number | 23 |
| 100 1# - MAIN ENTRY--PERSONAL NAME | |
| Personal name | de la Cruz, Rafael, |
| Relator term | editor |
| 9 (RLIN) | 6929 |
| 245 10 - TITLE STATEMENT | |
| Title | Colombia : |
| Remainder of title | hacia un país de altos ingresos con movilidad social / |
| Statement of responsibility, etc. | editores, Rafael de la Cruz, Leandro Gastón Andrián, Mario Loterszpil ; prólogo, Luis Alberto Moreno |
| 260 ## - PUBLICATION, DISTRIBUTION, ETC. | |
| Place of publication, distribution, etc. | Bogotá : |
| Name of publisher, distributor, etc. | Banco Interamericano de Desarrollo, |
| Date of publication, distribution, etc. | 2016. |
| 300 ## - PHYSICAL DESCRIPTION | |
| Extent | 160 páginas : |
| Other physical details | gráficos a color ; |
| Dimensions | 23 cm. |
| 490 0# - SERIES STATEMENT | |
| Series statement | Monografías del BID ; |
| Volume/sequential designation | 387 |
| 500 ## - GENERAL NOTE | |
| General note | Bibliografía: páginas 141-158. |
| 505 0# - FORMATTED CONTENTS NOTE | |
| Formatted contents note | Resumn ejecutivo -- Contexto del país -- Colombia: retos y desafíos -- La visión estratégica: Colombia - hacia un país de altos ingresos, con movilidad social -- La propuesta estratégica: objetivos y áreas de política -- El desafío de la productividad |
| 650 14 - SUBJECT ADDED ENTRY--TOPICAL TERM | |
| Topical term or geographic name entry element | Economía |
| General subdivision | Colombia |
| 9 (RLIN) | 6930 |
| 650 24 - SUBJECT ADDED ENTRY--TOPICAL TERM | |
| Topical term or geographic name entry element | Desarrollo económico |
| General subdivision | Colombia |
| 9 (RLIN) | 6931 |
| 700 1# - ADDED ENTRY--PERSONAL NAME | |
| Personal name | Cruz, Rafael de la, |
| Relator term | editor |
| 9 (RLIN) | 6932 |
| 700 1# - ADDED ENTRY--PERSONAL NAME | |
| Personal name | Gastón Andrián, Leandro, |
| Relator term | editor |
| 9 (RLIN) | 6933 |
| 700 1# - ADDED ENTRY--PERSONAL NAME | |
| Personal name | Loterszpil, Mario, |
| Relator term | editor |
| 9 (RLIN) | 6934 |
| 700 1# - ADDED ENTRY--PERSONAL NAME | |
| Personal name | Moreno, Luis Alberto, |
| Relator term | prologuista |
| 9 (RLIN) | 6935 |
| 942 ## - ADDED ENTRY ELEMENTS (KOHA) | |
| Source of classification or shelving scheme | Dewey Decimal Classification |
| Koha item type | Books |
| Withdrawn status | Lost status | Source of classification or shelving scheme | Materials specified (bound volume or other part) | Damaged status | Not for loan | Home library | Current library | Shelving location | Date acquired | Source of acquisition | Full call number | Barcode | Date last seen | Copy number | Price effective from | Koha item type | Public note |
|---|---|---|---|---|---|---|---|---|---|---|---|---|---|---|---|---|---|
| Dewey Decimal Classification | Donación--12/12/2017-- | Biblioteca Pública José María del Castillo y Rada | Biblioteca Pública José María del Castillo y Rada | General Stacks | 11/28/2019 | Donación | 330.986 / C718c | 201808286 | 05/16/2024 | Ej.1 | 11/28/2019 | Books | Exlibris : Andres Escobar Arango 2016 |